[Event "Valencia Torrefiel U2200 1st"]
[Site "Valencia"]
[Date "2014.10.31"]
[Round "2.10"]
[White "Garcia Gimenez, Santiago"]
[Black "Garcia De la Fuente, Alvaro"]
[Result "1/2-1/2"]
[WhiteElo "1661"]
[BlackElo "1421"]
[PlyCount "91"]
[EventDate "2014.10.31"]
[EventType "swiss"]
[EventRounds "7"]
[EventCountry "ESP"]
[SourceTitle "EXT 2024"]
[Source "ChessBase"]
[SourceDate "2023.10.10"]
[SourceVersion "1"]
[SourceVersionDate "2023.10.10"]
[SourceQuality "1"]

1. e4 e5 2. Nf3 Nc6 3. Bc4 Bc5 4. 0-0 Nf6 5. d3 h6 6. Nbd2 0-0 7. c3 d6 8. b4 Bb6 9. a4 a5 10. b5 Ne7 11. Bb2 Ng6 12. d4 exd4 13. cxd4 d5 14. e5 dxc4 15. exf6 Qxf6 16. Nxc4 Bg4 17. d5 Bxf3 18. Qxf3 Qxf3 19. gxf3 Bc5 20. Rac1 b6 21. Kg2 Nf4+ 22. Kh1 Nxd5 23. Ne5 Rfe8 24. Rfd1 Nf4 25. Rd7 Bd6 26. Nxf7 Nd3 27. Nxd6 cxd6 28. Rc2 Nxb2 29. Rxb2 Rad8 30. Rb7 Rb8 31. Rc7 Red8 32. Kg1 d5 33. Rd2 Rd6 34. Rd4 Rf8 35. f4 Rf5 36. Kg2 Rdf6 37. Kg3 g5 38. fxg5 Rxg5+ 39. Rg4 Rxg4+ 40. Kxg4 Rxf2 41. Rc6 Rxh2 42. Rxb6 Ra2 43. Kf5 Rxa4 44. Kf6 Re4 45. Rb8+ Kh7 46. Rb7+ 1/2-1/2